Southville International School and Colleges
Your cart is empty.
  • Cart
  • Lists
    Public lists Eva Luna New books Lux_list list_1
    Your lists Log in to create your own lists
  • Log in to your account
  • Your cookies
  • Search history
Southville International School and Colleges
  • Advanced search
  • Recent comments
  • Most popular
  • Libraries

Log in to your account

Log in with GOOGLE


If you do not have an external account, but do have a local account, you can still log in:

  1. Home
  2. MARC view: Inside the news:
Normal view MARC view ISBD view

Inside the news: (Record no. 21503)

[ view plain ]
MARC details
000 -LEADER
fixed length control field 00710nam a2200217 a 4500
005 - DATE AND TIME OF LATEST TRANSACTION
control field 20140310183329.0
008 - FIXED-LENGTH DATA ELEMENTS--GENERAL INFORMATION
fixed length control field 060815s19uu xx 00 eng d
020 ## - INTERNATIONAL STANDARD BOOK NUMBER
International Standard Book Number 0155064355
050 ## - LIBRARY OF CONGRESS CALL NUMBER
Classification number PE 1127.H4
Item number .Sh54 2001
100 ## - MAIN ENTRY--PERSONAL NAME
Personal name Shoemaker, Connie
245 ## - TITLE STATEMENT
Title Inside the news:
Remainder of title a reading text for students of English. /
Statement of responsibility, etc Connie Shoemaker
260 ## - PUBLICATION, DISTRIBUTION, ETC. (IMPRINT)
Place of publication, distribution, etc Forth Worth :
Name of publisher, distributor, etc Harcourt College Publishers,
Date of publication, distribution, etc 2001.
300 ## - PHYSICAL DESCRIPTION
Extent 109 p. :
Other physical details ill. ;
Dimensions 24 cm.
521 ## - TARGET AUDIENCE NOTE
Target audience note
650 ## - SUBJECT ADDED ENTRY--TOPICAL TERM
Topical term or geographic name as entry element Reader's
General subdivision Current events.
650 ## - SUBJECT ADDED ENTRY--TOPICAL TERM
Topical term or geographic name as entry element Current events
General subdivision Problems, exercises, etc.
650 ## - SUBJECT ADDED ENTRY--TOPICAL TERM
Topical term or geographic name as entry element Englsih language
General subdivision Textbooks for foreign speakers.
700 ## - ADDED ENTRY--PERSONAL NAME
Personal name Polycarpou, Susan
942 ## - ADDED ENTRY ELEMENTS (KOHA)
Koha item type Books
Source of classification or shelving scheme Library of Congress Classification
Call number prefix Foreign
Holdings
Withdrawn status Lost status Source of classification or shelving scheme Damaged status Home library Current library Shelving location Date acquired Source of acquisition Cost, normal purchase price Total Checkouts Full call number Barcode Date last seen Copy number Price effective from Koha item type
    Library of Congress Classification   College Library College Library General Circulation Section 08/15/2006   1841.00   PE 1127.H4 .Sh54 2001 C7438 05/15/2018 1 10/10/2013 Books

Inside the news:

APA

Shoemaker C., Polycarpou S., . (2001). Inside the news. Forth Worth: Harcourt College Publishers.

Chicago

Shoemaker Connie, Polycarpou Susan, . 2001. Inside the news. Forth Worth: Harcourt College Publishers.

Harvard

Shoemaker C., Polycarpou S., . (2001). Inside the news. Forth Worth: Harcourt College Publishers.

MLA

Shoemaker Connie, Polycarpou Susan, . Inside the news. Forth Worth: Harcourt College Publishers. 2001.

  • Place hold
  • Print
  • Cite
  • Add to your cart (remove)
  • Save record
    BIBTEX Dublin Core MARCXML MARC (non-Unicode/MARC-8) MARC (Unicode/UTF-8) MARC (Unicode/UTF-8, Standard) MODS (XML) RIS
  • More searches
    Search for this title in:
    Other Libraries (WorldCat) Other Databases (Google Scholar) Online Stores (Bookfinder.com) Open Library (openlibrary.org)

Exporting to Dublin Core...

SOUTHVILLE LIBRARY

Southville International School and Colleges Library

1281 Tropical Ave. Cor. Luxembourg St., BF Homes International, Las Pinas City

Tel. No. 8256374 / 252358 Loc. 117/146

Powered by Koha